| 000 | 00838cam a2200229 a 4500 | ||
|---|---|---|---|
| 020 | _a0691049793 (cl : alk. paper) | ||
| 020 | _a0691049807 (pbk. : alk. paper) | ||
| 040 | _cDLC | ||
| 082 | 0 | 0 | _a333 PRI 2005 C152 Or. |
| 100 | 1 | _aMulder, Monique Borgerhoff. | |
| 245 | 1 | 0 |
_aConservation : _blinking ecology, economics, and culture / |
| 260 |
_aPrinceton, N.J. : _bPrinceton University Press, _cc2005. |
||
| 300 |
_axx, 347 p. : _bill., map ; _c26 cm. |
||
| 650 | 0 | _aNature conservation | |
| 650 | 0 | _aNature conservation | |
| 650 | 0 | _aNature conservation | |
| 700 | 1 | _aCoppolillo, Peter, | |
| 856 | 4 | 2 | _uhttp://www.loc.gov/catdir/bios/prin051/2004044336.html |
| 856 | 4 | 2 | _uhttp://www.loc.gov/catdir/description/prin051/2004044336.html |
| 856 | 4 | 1 | _uhttp://www.loc.gov/catdir/enhancements/fy0654/2004044336-t.html |
| 942 | _cAEDBB | ||
| 999 |
_c18746 _d18746 |
||